Biological science in the Great Basin.

Bibliographic Details
Corporate Authors: Geological Survey (U.S.). Biological Resources Division, Forest and Rangeland Ecosystem Science Center (U.S.)
Format: Government Document Book
Language:English
Published: Seattle, WA : [Corvallis, Or.] : USGS Biological Resources Discipline ; [USGS Forest and Rangeland Ecosystem Science Center], [2005]
Series:Fact sheet (Geological Survey (U.S.)) ; 2005-3004.
Subjects:
Online Access:https://purl.fdlp.gov/GPO/LPS78592

MARC

Tag First Indicator Second Indicator Subfields
LEADER 00000cam a2200000Ka 4500
001 in00002255367
005 20211129152843.0
008 070222s2005 wau s f000 0 eng d
035 |a (OCoLC)ocm84836680 
040 |a GPO  |c GPO  |d MvI  |d UtOrBLW 
049 |a WWW 
074 |a 0621-L (online) 
086 0 |a I 19.127:2005-3004 
245 0 0 |a Biological science in the Great Basin. 
264 1 |a Seattle, WA :  |b USGS Biological Resources Discipline ;  |a [Corvallis, Or.] :  |b [USGS Forest and Rangeland Ecosystem Science Center],  |c [2005] 
300 |a 2 unnumbered pages :  |b digital, PDF file. 
336 |a text  |b txt  |2 rdacontent 
337 |a computer  |b c  |2 rdamedia 
338 |a unspecified  |b zu  |2 rdacarrier 
490 1 |a Fact sheet ;  |v 2005-3004 
500 |a "January 2005." 
500 |a Title from title screen (viewed Feb. 15, 2007). 
538 |a Mode of access: Internet from the USGS web site. Address as of 2/15/07: http://fresc.usgs.gov/products/fs/fs-2005-3004.pdf ; current access is available via PURL. 
500 |a Electronic resource. 
650 0 |a Range ecology  |z Great Basin. 
650 0 |a Biology  |x Research  |z Great Basin. 
710 2 |a Geological Survey (U.S.).  |b Biological Resources Division. 
710 2 |a Forest and Rangeland Ecosystem Science Center (U.S.) 
830 0 |a Fact sheet (Geological Survey (U.S.)) ;  |v 2005-3004. 
856 4 0 |u https://purl.fdlp.gov/GPO/LPS78592  |t 0 
999 |a MARS 
999 f f |s 87275011-e377-3053-be91-e52e932740e0  |i 8cfa0a04-6abd-3b97-9531-41b6ec312f20  |t 0 
952 f f |a Texas A&M University  |b College Station  |c Electronic Resources  |d Available Online  |t 0  |e I 19.127:2005-3004  |h Superintendent of Documents classification 
998 f f |a I 19.127:2005-3004  |t 0  |l Available Online